000 01161nam a2200349 i 4500
001 000047309
003 DO-SdBNP
005 20250624154144.0
007 ta
008 180502s2008 dr 000 spa d
020 _a9789945429107
040 _aDO-SdBNP
_bspa
_cBNPHU
_erda
041 _aspa
082 4 _aRD863.5
_bD542b
_222
100 1 _aDíaz, Junot,
_d1968-
_eautor
_4aut.
_974981
240 1 4 _aThe brief wondrous life of Oscar Wao
_lEspañol
245 1 3 _aLa breve y maravillosa vida de Óscar Wao /
_cJunot Díaz ; traducción, Achy Obejas.
250 _aPrimera edición
264 4 _aSanto Domingo :
_bEditora Grupo Santillana,
_c©2008.
300 _a350 páginas ;
_c24 cm.
336 _atexto
_btxt
_2rdacontent
337 _asin mediación
_bn
_2rdamedia
338 _avolumen
_bnc
_2rdacarrier
490 _aAlfaguara
500 _aIncluye datos biográficos del autor en la solapa de la cubierta.
590 _aInventariado, 2018/ DG
650 4 _aNovela dominicana
_9223
650 4 _aLiteratura dominicana
700 1 _aObejas, Achy,
_etraductor
_4tr.
_955766
910 _aValidado. Control de calidad MFF
942 _2ddc
_cLBS1
999 _c46797
_d46797